Statistics for Largest Baseball Stadiums in the U.S.

Click here to take the quiz!

General Stats

  • This quiz has been taken 25 times
  • The average score is 7 of 10

Answer Stats

CityCapacityStadium% Correct
Los Angeles56,000Dodger Stadium
95%
New York City47,309Yankee Stadium
90%
St. Louis44,494Busch Stadium
85%
Denver46,897Coors Field
80%
Anaheim45,477Angel Stadium of Anaheim
70%
Baltimore45,971Oriole Park at Camden Yards
70%
Phoenix48,686Chase Field
65%
Seattle47,715Safeco
55%
Arlington48,114Globe Life Park in Arlington
30%
Oakland55,945Oakland–Alameda County Coliseum
20%

Score Distribution

Percentile by Number Answered

Percent of People with Each Score

Your Score History

You have not taken this quiz